Statistiques concernant Pokémon-Equipes Dresseurs Johto

Cliquez ici pour prendre le quiz!

Statistiques générales

  • Ce quiz a été pris 201 fois
    (114 depuis la dernière actualisation)
  • Le résultat moyen est 119 sur 148

Statistiques - réponses

DresseurPokémon% Correct
Aligatueur
96%
HectorChrysacier
96%
Coconfort
96%
Crocrodil
96%
Dimoret
96%
Ectoplasma
96%
Germignon
96%
Insécateur
96%
Kaiminus
96%
Kicklee
96%
N2B2Mackogneur
96%
Macronium
96%
Magirêve
96%
Magnéti
96%
Magnéton
96%
Magnézone
96%
Méganium
96%
Mélodelfe
96%
BlancheMélofée
96%
AlbertRoucool
96%
Roucoups
96%
Tygnon
96%
HGSSCizayox
92%
Cochignon
92%
ChuckColossinge
92%
Corboss
92%
Écrémeuh
92%
Fantominus
92%
Feurisson
92%
SilverHéricendre
92%
Kaimorse
92%
Lamantine
92%
N2B2Lippoutou
92%
Mammochon
92%
Momartik
92%
Noarfang
92%
Scarhino
92%
Spectrum
92%
Steelix
92%
Tartard
92%
Typhlosion
92%
Xatu
92%
Airmure
88%
Alakazam
88%
HGSSBlizzaroi
88%
SandraDraco
88%
Dracolosse
88%
Drattak
88%
HGSSÉtouraptor
88%
Farfuret
88%
Foretress
88%
N2B2Grodoudou
88%
Hyporoi
88%
Kapoera
88%
N2B2Altaria
85%
N2B2Branette
85%
Carchacrok
85%
Flagadoss
85%
Lucario
85%
Noctunoir
85%
Oniglali
85%
FrédoOtaria
85%
Roucarnage
85%
Tauros
85%
Yanméga
85%
Kimono Tamao | MarionNoctali
81%
Farouk le GaminRattata
81%
Rattatac
81%
Bekipan
77%
Chapignon
77%
Cornèbre
77%
Crustabri
77%
Hélédelle
77%
Kadabra
77%
HGSSLéviator
77%
Lockpin
77%
Kimono UmekoMentali
77%
Métalosse
77%
Noadkoko
77%
Ptéra
77%
Scarabrute
77%
Ténéfix
77%
Ursaring
77%
Armaldo
73%
Bétochef
73%
Capidextre
73%
HGSSCharmina
73%
Drakkarmin
73%
HGSSGrodrive
73%
Nosféralto
73%
Nosferalto
73%
Nostenfer
73%
N2B2Rapasdepic
73%
Kimono KomomoAquali
69%
Archéodong
69%
Dracaufeu
69%
Lokhlass
69%
Mysdibule
69%
Nosferapti
69%
Kimono SatsukiPyroli
69%
Kimono SakuraVoltali
69%
Apireine
65%
Leuphorie
65%
Munja
65%
N2B2Caratroc
62%
Démolosse
62%
Dodrio
62%
Groret
62%
Lugulabre
62%
Spiritomb
62%
Canarticho
58%
Coudlangue
58%
Luth/CélestaMarill
58%
Castorno
54%
Delcatty
54%
Gardevoir
54%
Rafflesia
54%
Smogo
54%
Smogogo
54%
HGSSGirafarig
50%
Électrode
46%
Pingoléon
46%
Absol
38%
Saquedeneu
31%
EusineSoporifik
31%

Distribution des résultats

Percentile par nombre de réponses

% des personnes avec chaque résultat

Votre développement - résultats

Vous n’avez pas pris ce quiz depuis la dernière actualisation